000 06087cam a22018614i 4500
003 PE-LiUPU
005 20250813165509.0
008 160128s2015 mx r 000 0 spadd
020 _a6071512174
020 _a9786071512178
035 _a(Sirsi) i9786071512178
035 _a(OCoLC)949692705
040 _aSPSFM
_bspa
_cSPSFM
_dOCLCQ
_dPE-LiUPU
_erda
049 _aPRUA
080 _a618.2
082 0 4 _a618.8
_bD96
_220
100 1 _aDueñas García, Omar Felipe,
_eautor.
245 1 0 _aManual de obstetricia y procedimientos medicoquirúrgicos /
_cOmar Felipe Dueñas García, Jesús Jorge Beltrán Montoya.
264 1 _aMexico :
_bMcGraw Hill,
_c2015.
300 _axv, 583 páginas :
_bilustraciones ;
_c20 centímetros
336 _atext
_2rdacontent
337 _aunmediated
_2rdamedia
338 _avolume
_2rdacarrier
504 _aBibliografía : al final de cada capítulo.
504 _aÍndice : páginas 568-583.
505 0 _aBioética aplicada en ginecología y obstetricia -- Principios básicos de cirugía -- Suturas y cierre de heridas -- Maduración cervical y preinduinducción -- Oxitocina -- Monitoreo cardiotocográfico fetal intraparto -- Curvas de trabajo de parto y uso del partograma -- Manejo del primer periodo del trabajo de parto normal -- Amnioinfusión transcervical intraparto -- Manejo del segundo periodo del trabajo de parto en la presentación del vértice -- Operaciones ampliadoras del canal blando -- Manejo del tercer y cuarto periodos del trabajo de parto -- Revisión del canal del parto -- Trabajo del parto anormal -- Nacimiento por cesárea después de un parto -- Manejo de la muerte fetal intrauterina -- Férceps -- Uso del sistema vacunn -- Versión cefálica externa -- Parto en presentación pélvica -- Distocia de hombros -- Manejo médico de la hemorragia posparto y choque hipovolémico en obstetricia -- Métodos quirúrgicos para controlar la hemorragia posparto -- Operación cesárea -- Cesárea mínimamente cortante para pacientes con enfermedad transmisible por vía parenteral -- Endometritis posparto -- Procedimientos para la evaluación del contenido uterino -- Insuficiencia cervical y cerclaje -- Circuncisión -- Embarazo ectópico -- Manejo del dolor en el posoperatorio -- Agentes hemostáticos -- Empleo profilático de antibióticos en obstetricia -- Complicaciones quirúrgicas en ginecología y obstetricia -- Manejo perioperatorio de la paciente obstétrica -- Prevención de adherentes en cirugía pélvica -- Determinación de la madurez en cirugía pélvica -- Determinación de la madurez en cirugía pélvica -- Parto acuático e hidroterapia -- Pelvimetría -- Reparación de laceraciones obstétricas -- Cirugía fetal -- Determinación e importancia de la gasometría del cordón umbilical.
526 _aP203
526 _aP200
526 _aSEG65
526 _aSEG64
526 _aSEG63
526 _aSEG62
526 _aSEG61
526 _aSEG60
526 _aSEG59
526 _aSEG58
526 _aSEG57
526 _aSEG56
526 _aSEG55
526 _aSEG54
526 _aSEG53
526 _aSEG52
526 _aSEG51
526 _aSEG50
526 _aSEG49
526 _aSEG48
526 _aSEG47
526 _aSEG46
526 _aSEG24
526 _aSEG23
526 _aSEG22
526 _aSEG21
526 _aSEG20
526 _aSEG19
526 _aSEG18
526 _aSEG17
526 _aSEG16
526 _aSEG14
526 _aSEG13
526 _aSEG12
526 _aSEG11
526 _aSEG10
526 _aSEG09
526 _aSEG06
526 _aSEG05
526 _aSEG04
526 _aSEG03
526 _aSEG02
526 _aSEG68
526 _aSEG66
526 _aSEG45
526 _aSEG25
526 _aSEG01
526 _aP163
526 _aP162
526 _aP161
526 _aP160
526 _aP159
526 _aP158
526 _aP157
526 _aP156
526 _aP155
526 _aP154
526 _aP153
526 _aP152
526 _aP151
526 _aP150
526 _aP149
526 _aP142
526 _aP141
526 _aP140
526 _aP139
526 _aP138
526 _aP137
526 _aP132
526 _aP131
526 _aP130
526 _aP126
526 _aP125
526 _aP124
526 _aP123
526 _aP115
526 _aP122
526 _aP121
526 _aP116
526 _a P114
526 _aP112
526 _aP111
526 _aP104
526 _aP103
526 _aP102
526 _aP101
526 _aP100
526 _aP96
526 _aP95
526 _aP93
526 _aP92
526 _aP91
526 _aP88
526 _aP83
526 _aP82
526 _aP79
526 _aP78
526 _aP75
526 _aP74
526 _aP71
526 _aP69
526 _a P51
526 _aP49
526 _aP48
526 _aP47
526 _aP33
526 _aP31
526 _a P30
526 _aP29
526 _aP27
526 _aP26
526 _aP25
526 _aP24
526 _a P22
526 _aP10
526 _aP09
526 _a P08
526 _aP06
526 _aP05
526 _aP04
526 _aP01
541 _g0028-0000237;
650 4 _aObstetricia.
_92002
650 4 _aObstetrics.
700 1 _aBeltrán Montoya, Jesús Jorge,
_eautor.
910 _adbm
_bncf
_cncf
_d20171212
942 _2ddc
_cBOOK
949 _a618.8 D96
_wDEWEY
_c1
_i77513
_lCATALOGING
_mBUL
_p27.52
_r0
_sY
_tBOOK
_u2017-12-12
_xPOSGRADO
_PP69
_0COMPRA
_o.STAFF. Colección Ciencias de la Salud.
994 _aC0
_bPEPRU
596 _a1
999 _a618.8 D96
_wDEWEY
_c26108
_i77513
_d26108
_e2019-11-3
_f2021-11-4
_g4
_lCCODEBUL1
_mBUL
_n2
_p27.52
_q2
_r0
_sY
_tBOOK
_u2017-12-12
_xSALUD
_zP69
_0COMPRA
_o.STAFF. Colección Ciencias de la Salud.
980 _81
_gALBERTO SANCHEZ Responsable de Automatización